মূলধারা '৭১ / (Record no. 39507)
[ view plain ]
| 000 -LEADER | |
|---|---|
| fixed length control field | 00957nam a22002417a 4500 |
| 001 - CONTROL NUMBER | |
| control field | 39507 |
| 003 - CONTROL NUMBER IDENTIFIER | |
| rucl marc code | BD-RjUL |
| 005 - DATE AND TIME OF LATEST TRANSACTION | |
| control field | 20211209053014.0 |
| 008 - FIXED-LENGTH DATA ELEMENTS--GENERAL INFORMATION | |
| fixed length control field | 160411c20131992bg ||||| |||| 001 0 ben d |
| 020 ## - INTERNATIONAL STANDARD BOOK NUMBER | |
| International Standard Book Number | 9789848815632 |
| Terms of availability | : Tk. 350.00 |
| 035 ## - SYSTEM CONTROL NUMBER | |
| System control number | (BD-RjUL)39620 |
| 040 ## - CATALOGING SOURCE | |
| Original cataloging agency | BD-RjUL |
| Language of cataloging | ben |
| Transcribing agency | BD-RjUL |
| 041 ## - LANGUAGE CODE | |
| Language code of text/sound track or separate title | ben |
| 082 ## - DEWEY DECIMAL CLASSIFICATION NUMBER | |
| Edition number | 23 |
| Classification number | 954.9205 |
| Author mark and year | HAM 2013 |
| 100 ## - MAIN ENTRY--PERSONAL NAME | |
| Personal name | হাসান, মঈদুল |
| 9 (RLIN) | 121734 |
| 245 10 - TITLE STATEMENT | |
| Title | মূলধারা '৭১ / |
| Statement of responsibility, etc. | মঈদুল হাসান, |
| 260 ## - PUBLICATION, DISTRIBUTION, ETC. (IMPRINT) | |
| Place of publication, distribution, etc. | ঢাকা : |
| Name of publisher, distributor, etc. | দি ইউনিভার্সিটি প্রেস লিমিটেড, |
| Date of publication, distribution, etc. | ২০১৩. |
| 300 ## - PHYSICAL DESCRIPTION | |
| Pagination | xii, ৩১৯ পৃ. ; |
| Size | ২২ সেমি. |
| 500 ## - GENERAL NOTE | |
| General note | নির্ঘন্ট সংযুক্ত |
| 650 ## - SUBJECT ADDED ENTRY--TOPICAL TERM | |
| Topical term or geographic name as entry element | বাংলাদেশ- ইতিহাস- মুক্তিযুদ্ধ, ১৯৭১. |
| 9 (RLIN) | 121545 |
| Topical term or geographic name as entry element | Bangladesh -- History -- Revolution, 1971. |
| 9 (RLIN) | 121060 |
| 942 ## - ADDED ENTRY ELEMENTS (KOHA) | |
| Source of classification or shelving scheme | Dewey Decimal Classification |
| Koha item type | Books |
| Lost status | Source of classification or shelving scheme | Damaged status | Not for loan | Collection code | Permanent Location | Current Location | Shelving location | Date acquired | Source of acquisition | Cost, normal purchase price | Total Checkouts | Full call number | Date last seen | Copy number | Koha item type | Total Renewals | Date checked out |
|---|---|---|---|---|---|---|---|---|---|---|---|---|---|---|---|---|---|
| Dewey Decimal Classification | Not For Loan | Non-fiction | Central Library, University of Rajshahi | Central Library, University of Rajshahi | Reading Room | 23/12/2012 | Prothoma Prokashon | 350.00 | B 954.9205 HAM 2013 | 11/04/2016 | C-1 | Books | |||||
| Dewey Decimal Classification | Non-fiction | Central Library, University of Rajshahi | Central Library, University of Rajshahi | 23/12/2012 | Prothoma Prokashon | 350.00 | 15 | B 954.9205 HAM 2013 | 23/12/2025 | C-2 | Books | 1 | 08/12/2025 | ||||
| Dewey Decimal Classification | Non-fiction | Central Library, University of Rajshahi | Central Library, University of Rajshahi | 23/12/2012 | Prothoma Prokashon | 350.00 | 5 | B 954.9205 HAM 2013 | 24/03/2022 | C-3 | Books | 17/12/2021 |